000 00448nam a2200181Ia 4500
001 7630
005 20260306160509.0
008 260306t2022||||xx |||||||||||||| ||spa||
041 _aESP
082 _a352.48
_bA49B
100 _aÁlvarez Pedroza, Alejandro
_eAUT
245 0 _aGuía de clasificadores presupuestarios 2022
260 _c2022
300 _a463 páginas :
_c25 cm.
650 _aGEN
654 _aCAN
942 _cLIB
_dJUS
_fJUS
_2ddc
_n
999 _c7630
_d7630